000 01017nam a2200313Ia 4500
003 OSt
005 20220912145258.0
006 a|||||r|||| 00| 0
007 ta
008 220909b |||||||| |||| 00| 0 eng d
020 _a1584887435 (hbd)
024 _a84198
037 _b032, 23/07/2009, N R Book Distributors
037 _cTextual
040 _aCSL
_beng
_cCSL
041 _aeng
082 _aB217:(9S), P8
100 _aGross Jonathan L
245 0 _aCombinatorial methods with computer applications
260 _aBoca Raton
_bChampman & Hall
_c2008
300 _axvii, 644p.
_ccm.
490 _aDiscrete mathematics and its applications
500 _a''Appendix 581-593p''.; ''Bibliography 595-598p''.; ''References 599-601p.; ''Index 629-644p''.
650 _a Graph fundamentals
650 _a Graph theory topics
650 _aMathematics
942 _hB217:(9S), P8
_cTEXL
_2CC
999 _c27753
_d27753